01982nam a2200325 a 4500001001000000005001700010008004100027041000800068044000700076084002000083100004500103245009500148260004800243300002400291500035300315500026900668500016600937500003601103500001101139650005201150650005601202650003401258650004501292700005101337700005101388700006001439700005301499700005401552740005001606BRCA_280920190320203959.0081208s1905----sp-a---###---#000-0#spa-u aspa asp a257b.J83c19051 aCervantes Saavedra, Miguel ded1547-161610aEl Ingenioso Hidalgo Don Quijote de la Manchaccompuesto por Miguel de Cervantes Saavedra. aMadridbSáenz de Jubera hermanosc[1905?] a540 p.bil.c29 cm. aContenido : Primera parte. Escudo de la edición príncipe. Dedicatoria del autor. Nota de los editores. Retrato de Cervantes. Prólogo del autor. Versos preliminares. Texto. Segunda parte. Documentos de la primera edición. Dedicatoria del autor. Prólogo del autor. Vida de Cervantes por J. M. Quintana. El Buscapié por A. de Castro. Texto aEdición : Novísima edición con notas históricas, críticas y gramaticales de la Academia Española, Pellicer, Arrieta, Clemencín, Cuesta, Janer, etc. Aumentada con el Buscapié anotado por Adolfo de Castro. Adornada con 300 grabados, láminas sueltas aReimpresión de la edición de 1890 de Agustín Jubera. Excelente encuadernada en fina piel parda, con adornos en relieve, en lomeras y tapas Lúdovik Osterc aIncluye índice : De láminas aQM102114aNovela españolayÉpoca clásica, 1500-170014aLiteratura españolayÉpoca clásica, 1500-170014aNovela españolaySiglo XVII14aDon Quijote (Personaje ficticio)eNovela1 aQuintana, José Manueld1772-1857eBiógrafo1 aCastro y Rossi, Adolfo ded1823-1898eAnotador1 aPellicer y Pilares, Juan Antoniod1738-1806eBiógrafo1 aGarcía Arrieta, Agustínd1775-1834eAnotador1 aClemencín y Viñas, Diegod1785-1834eAnotador0 aEl Ingenioso Hidalgo Don Quijote de la Mancha